Neenilllada ee Jivana (Record no. 229041)
[ view plain ]
| 000 -LEADER | |
|---|---|
| fixed length control field | 00576nam a22001937a 4500 |
| 003 - CONTROL NUMBER IDENTIFIER | |
| control field | OSt |
| 005 - DATE AND TIME OF LATEST TRANSACTION | |
| control field | 20250612164137.0 |
| 008 - FIXED-LENGTH DATA ELEMENTS--GENERAL INFORMATION | |
| fixed length control field | 231027b ||||| |||| 00| 0 eng d |
| 040 ## - CATALOGING SOURCE | |
| Transcribing agency | AL |
| 041 ## - LANGUAGE CODE | |
| Language code of text/sound track or separate title | kan |
| 082 ## - DEWEY DECIMAL CLASSIFICATION NUMBER | |
| Edition number | 23 |
| Classification number | K894.3 |
| Item number | REKN |
| 100 ## - MAIN ENTRY--PERSONAL NAME | |
| Personal name | Rekha Khakhandaki |
| 100 ## - MAIN ENTRY--PERSONAL NAME | |
| 9 (RLIN) | 214732 |
| 100 ## - MAIN ENTRY--PERSONAL NAME | |
| 9 (RLIN) | 214695 |
| Numeration | ರೇಖಾ ಕಾಖಂಡಕಿ |
| 245 ## - TITLE STATEMENT | |
| Title | Neenilllada ee Jivana |
| Remainder of title | ನೀನಿಲ್ಲದ ಈ ಜೀವನ |
| 260 ## - PUBLICATION, DISTRIBUTION, ETC. | |
| Place of publication, distribution, etc. | Bengaluru |
| Name of publisher, distributor, etc. | Divyachandra Prakashana |
| Date of publication, distribution, etc. | 1990 |
| 650 ## - SUBJECT ADDED ENTRY--TOPICAL TERM | |
| Topical term or geographic name entry element | Kannada Fiction |
| 9 (RLIN) | 139746 |
| 650 ## - SUBJECT ADDED ENTRY--TOPICAL TERM | |
| Topical term or geographic name entry element | Kannada Literature |
| 9 (RLIN) | 139747 |
| 942 ## - ADDED ENTRY ELEMENTS (KOHA) | |
| Source of classification or shelving scheme | Dewey Decimal Classification |
| Koha item type | Book |
| Withdrawn status | Lost status | Source of classification or shelving scheme | Damaged status | Not for loan | Collection code | Home library | Current library | Shelving location | Date acquired | Cost, normal purchase price | Total Checkouts | Full call number | Barcode | Date due | Date last seen | Date last checked out | Price effective from | Koha item type |
|---|---|---|---|---|---|---|---|---|---|---|---|---|---|---|---|---|---|---|
| Dewey Decimal Classification | Kannada | St Aloysius Library | St Aloysius Library | 02/17/2021 | 15.00 | 1 | K894.3 REKN | 045235 | 10/14/2026 | 06/16/2026 | 06/16/2026 | 02/17/2021 | Book | |||||
| Discarded | Dewey Decimal Classification | Kannada | St Aloysius Library | St Aloysius Library | 11/02/1990 | K894.3 REKN | 044095 | 10/27/2023 | 10/27/2023 | Book |